000 00718cam a2200253 4500
008 090401t1994 xxu||||| |||| 00| 0 eng d
020 _a0273605941
035 _a(Sirsi) u51401
041 _aeng
050 _a690.3
100 _aHobbs, Chris
245 _aQuality management for surveyors: a step-by-step guide.
260 _aLondon
_bPitman Publishing
_c1994
300 _a1v. (loose-leaf) ; 30cm.
350 _a400
520 _aLibrary copy for REFERENCE ONLY.
650 _aISO 9000
650 _aQUALITY ASSURANCE
650 _aQUALITY MANAGEMENT SYSTEMS
650 _aQUALITY MANAGEMENT
690 _aMANAGEMENT-BUSINESS MANAGEMENT-PROFESSIONAL PRACTICE
942 _n0
948 _c04/03/1997
999 _c92894
_d92894